000 00394nam a2200133Ia 4500
008 220217s9999||||xx |||||||||||||| ||und||
020 _a81-224-0360-3
082 _a621.381 52 NES
100 _aNessler, Herbert
_93980
245 0 _aConstructional features and operating characteristics of tra
260 _aWiley eastern limited
_bNew Delhi
_c1991
300 _b40
650 _aCIRCUITRY
999 _c173299
_d173299